000
00246nam a22000857a 4500
008
160630b xxu||||| |||| 00| 0 eng d
100
_9
1550
_a
Kapur, J.N
245
_a
Mathematics Enjoyment for the Millions
260
_a
New Delhi
_b
Arya Publication
_c
2005
999
_c
1281
_d
1281